000 00619nas a2200217 i 4500
001 1081
003 ES-MaACL
005 20250217134026.0
007 t|
008 950801d18831913xxk | | 1 ||ng d
080 _a410
245 0 4 _aThe English illustrated magazine.
260 _aLondon :
_bMacmillan and Co,
_c1883-1913 (R. Clay, Sons and Taylor)
300 _a5 v. :
_bgrab ;
_c26 cm.
310 _aMensual
362 0 _aVol. 1 (Oct. 1883) - vol. 49 (Aug. 1913)
650 1 4 _aRevistas de información general.
_916896
852 _aES-MaACL
_jG-9946-50
866 0 _o1883-87(1888).
999 _c1081
_d1081